000 00962nmc a2200313 a 4500
003 AR-BaBNM
005 20251128204128.0
008 285019s1983 ||||||||||||||000 | spa||
020 _a950-25-0127-6
040 _cAR-BaBNM
245 1 0 _aHistoria de ciudades
_bBuenos Aires criolla, 1820-1850
260 _aBuenos Aires
_bCentro Editor de América Latina
_c1983
300 0 _a94 p.
490 0 _aHistoria testimonial Argentina: Documentos vivos de nuestro pasado
_vv. 7
600 1 4 _aRivadavia, Bernardino
_d1780-1845
600 1 4 _aRosas, Juan Manuel de
_d1793-1877
650 4 _aHISTORIA ARGENTINA
650 4 _aHISTORIA DE BUENOS AIRES
650 4 _aCOSTUMBRES
650 4 _aCIUDADES
650 4 _aDESARROLLO URBANO
650 4 _aDOCUMENTOS
650 4 _aMATERIAL FUENTE
700 1 _aRomero, Luis Alberto
_ecompilador
800 1 _aBertoni, Lilia Ana
_edirector
800 1 _aRomero, Luis Alberto
_edirector
942 _cBK
998 _cMarce
999 _c6286
_d6286